Fr. Conceicao Rodrigues College of Engineering

Microelectronics:digital and analog (Record no. 29105)

MARC details
000 -LEADER
fixed length control field 00299nam a2200133Ia 4500
082 ## - DEWEY DECIMAL CLASSIFICATION NUMBER
Classification number 621.38179
Item number BOT
100 ## - MAIN ENTRY--PERSONAL NAME
Personal name Botkar/K.R
245 ## - TITLE STATEMENT
Title Microelectronics:digital and analog
260 ## - PUBLICATION, DISTRIBUTION, ETC.
Name of publisher, distributor, etc. Khanna
Place of publication, distribution, etc. Delhi
Date of publication, distribution, etc. 1991
300 ## - PHYSICAL DESCRIPTION
Extent 1346
546 ## - LANGUAGE NOTE
Language note ENGLISH
654 ## - SUBJECT ADDED ENTRY--FACETED TOPICAL TERMS
Focus term microelectronics
942 ## - ADDED ENTRY ELEMENTS (KOHA)
Koha item type BOOK
Holdings
Withdrawn status Lost status Damaged status Not for loan Collection Home library Current library Shelving location Date acquired Total Checkouts Full call number Barcode Date last seen Price effective from Koha item type
        CRC Fr. Agnel's C.Rodrigues College of Engineering Fr. Agnel's C.Rodrigues College of Engineering   17/03/2023   621.38179 BOT 3325 17/03/2023 17/03/2023 BOOK